00907nam a22002297a 450000100040000000500170000402000180002104000300003905000150006908200110008410000200009524500620011526000350017730000400021249000390025250500080029152002790029952100200057852100220059865000280062065000290064877820250710103600.0 a9781407156644 aFISKHbeng cFISKHdFISKH aPZ7.1.C634 a823.92 aCoe, Catherine, aThe owls of blossom wood to the rescue /bCoe, Catherine  aLondon : bScholastic, c2015. a83 pages :billustrations ;c20 cm. aThe owls of Blossom Wood vBook 2  aS  aEva, Katie and Alex are back in Blossom Wood, ready for another magical adventure. The wrens need their help - because they've lost their voices! If they don't get them back soon, they won't be able to sing in the birdsong concert. Can the Owls of Blossom Wood save the day? a790 bLexile  aS NC bRaz-Plus  aOwlsvJuvenile fiction. aMagicvJuvenile fiction.